00971cam a2200265 i 450000500170000000800410001701000170005802000180007502000150009304000500010804100080015824501020016626000700026830000330033849000160037150400410038765000320042865000320046065000400049265000420053265100360057470000240061070000280063471000430066220141030095351.0141021s2012 ck a frb 000 0 spa c a 2013373427 a9789587584745 a9587584740 aCO-BoUCMbspacJose A. GerenadJose A. Gerena0 aspa00aJusticia y Paz b¿verdad judicial o verdad histórica? cCentro nacional de memoria histórica aBogotá (Colombia)bCentro nacional de memoria históricac2012 a615 páginasbilustraciones1 aPensamiento aIncluye referencias bibliográficas 7aConflicto armadozColombia  7aParamilitarismo zColombia  7aSolución de conflictos zColombia 7aVíctimas de la violenciazColombia  4aColombiaxLey de Justicia y Paz1 aOrozco Abad, Iván1 aMoreno Quintero, Renata2 aCentro nacional de memoria histórica